| 000 | 00000nam 2200000zi 4500 |
| 001 | 9.932265 |
| 003 | CaOODSP |
| 005 | 20240214134901 |
| 006 | m o d f |
| 007 | cr cn||||||||| |
| 008 | 240110e202402 oncdab ob f000 0 eng d |
| 020 | |a9780660695594 |
| 040 | |aCaOODSP|beng|erda|cCaOODSP |
| 043 | |an-cn-on |
| 086 | 1 |aFs70-6/2024-003E-PDF |
| 245 | 00|aUpdated recovery potential assessment for northern madtom (Noturus stigmosus) in Canada, 2012-2021. |
| 264 | 1|aOttawa : |bCanadian Science Advisory Secretariat, |cFebruary 2024. |
| 264 | 4|c©2024 |
| 300 | |a1 online resource (29 pages) : |bcharts, illustrations, maps. |
| 336 | |atext|btxt|2rdacontent |
| 337 | |acomputer|bc|2rdamedia |
| 338 | |aonline resource|bcr|2rdacarrier |
| 490 | 1 |aScience advisory report, |x1919-5087 ; |v2024/003 |
| 500 | |aCaption title. |
| 500 | |aIssued also in French under title: Mise à jour de l'évaluation du potentiel de rétablissement du chat-fou du Nord (Noturus stigmosus) au Canada, 2012 à 2021. |
| 504 | |aComprend des références bibliographiques (pages 25-29). |
| 650 | 0|aNorthern madtom|xConservation|zOntario. |
| 650 | 0|aWildlife recovery|zOntario. |
| 710 | 2 |aCanadian Science Advisory Secretariat, |eissuing body. |
| 710 | 1 |aCanada. |bDepartment of Fisheries and Oceans. |bOntario and Prairie Region, |eissuing body. |
| 775 | 08|tMise à jour de l'évaluation du potentiel de rétablissement du chat-fou du Nord (Noturus stigmosus) au Canada, 2012 à 2021.|w(CaOODSP)9.932266 |
| 830 | #0|aScience advisory report (Canadian Science Advisory Secretariat)|x1919-5087 ; |v2024/003.|w(CaOODSP)9.506226 |
| 856 | 40|qPDF|s888 KB|uhttps://publications.gc.ca/collections/collection_2024/mpo-dfo/fs70-6/Fs70-6-2024-003-eng.pdf |